Charakteristik der inneren Kirchenpolitik Friedrich Barbarossas.

Saved in:
நூற்பட்டியல் விவரங்கள்
தலைமை எழுத்தாளர்: Peters, Ulrich, 1878-1939.
வடிவம்: புத்தகம்
மொழி:German
வெளியீடப்பட்டது: Greifswald, Persiehl, Hamburg, 1909.
தொகுதி:Ersch. auch als Progr. d. Unterr.-Anst. d. Klosters St. Johannis, Hamburg. Als Forts. soll e. Charakt. d. äusseren Kirchenpol. Friedr. Barb. erscheinen
பகுதிகள்:
குறியீடுகள்: குறிச்சொல் இணை
குறியீடுகள் இல்லை, இந்த குறிச்சொல்லை முதலில் பதிவு செய்யுங்கள்!
LEADER 01005nam a2200217K 4500
001 003596643-2
005 20020606093309.7
008 931029s1909 gw 000 0 ger d
035 0 |a ocn236099532 
040 |a HLS  |c HLS 
100 1 |a Peters, Ulrich,  |d 1878-1939. 
245 1 0 |a Charakteristik der inneren Kirchenpolitik Friedrich Barbarossas. 
260 |a Greifswald,  |b Persiehl, Hamburg,  |c 1909. 
300 |a VIII, 87 S.  |c 8vo 
490 0 |a Ersch. auch als Progr. d. Unterr.-Anst. d. Klosters St. Johannis, Hamburg. Als Forts. soll e. Charakt. d. äusseren Kirchenpol. Friedr. Barb. erscheinen 
500 |a Ref. Bernheim. 
500 |a Geb. 12. Juli 78 Langenhanshagen; Wohnort: Hamburg; Staatsangeh.: Schwarzburg-Rudolstadt; Vorbildung: Gymn. Neubrandenburg Reife O. 97; Studium: Greifswald 2, Erlangen I, Bonn 3, Berlin 3 S.; Rig. 20. Dez. 09.] 
502 |a Phil. Diss. v. 18. Jan. 1910--Greifswald. 
600 0 0 |a Frederick  |b I,  |c Holy Roman Emperor,  |d approximately 1123-1190. 
988 |a 20020608 
906 |0 MH